| 000 | 00782cam a22002298i 4500 | ||
|---|---|---|---|
| 001 | BK0003717181 | ||
| 003 | OSt | ||
| 005 | 20250902013607.0 | ||
| 008 | 020812s2001 eng | ||
| 020 |
_a0553579169 : PAP _c$6.99 |
||
| 037 |
_bBantam Books (Mm), C/O Random House Inc Distribution Center 400 Hahn rd, Westminster, MD, USA, 21157 _nSAN 201-3975 |
||
| 040 |
_aTLC _erda _cBantam Books |
||
| 100 |
_aGoddard, Kenneth W. _q(Kenneth William) _0(DLC)n 83018773. |
||
| 245 | 0 | 0 | _aOuter Perimeter. |
| 264 | 1 |
_a[Place of publication not identified] : _bBantam Books (Mm), _c2001. |
|
| 336 |
_atext _btxt _2rdacontent. |
||
| 337 |
_aunmediated _bn _2rdamedia. |
||
| 338 |
_avolume _bnc _2rdacarrier. |
||
| 380 |
_aBook _2tlcgt. |
||
| 385 |
_aGeneral _2tlctarget. |
||
| 942 | _cBK | ||
| 999 |
_c31081 _d31079 |
||